A.I.R Commentaries The Limitation Act (Record no. 1185716)

MARC details
000 -LEADER
fixed length control field 00734nam a2200277Ia 4500
003 - CONTROL NUMBER IDENTIFIER
control field OSt
005 - DATE AND TIME OF LATEST TRANSACTION
control field 20221007104540.0
008 - FIXED-LENGTH DATA ELEMENTS--GENERAL INFORMATION
fixed length control field 221006b |||||||| |||| 00| 0 eng d
037 ## - SOURCE OF ACQUISITION
Terms of availability Textual
040 ## - CATALOGING SOURCE
Original cataloging agency LCO
Transcribing agency LCO
Language of cataloging eng
041 ## - LANGUAGE CODE
Source of code eng
Language code of text/sound track or separate title eng
100 ## - MAIN ENTRY--PERSONAL NAME
Personal name Chitaley W.W
9 (RLIN) 706136
245 #0 - TITLE STATEMENT
Title A.I.R Commentaries The Limitation Act
250 ## - EDITION STATEMENT
Edition statement 5th
260 ## - PUBLICATION, DISTRIBUTION, ETC.
Place of publication, distribution, etc. Nagpur
Name of publisher, distributor, etc. All India Reporter, Ltd India
Date of publication, distribution, etc. 1976
300 ## - PHYSICAL DESCRIPTION
Extent Various
490 ## - SERIES STATEMENT
Volume/sequential designation 1
650 ## - SUBJECT ADDED ENTRY--TOPICAL TERM
Topical term or geographic name entry element LIMITATION ACT
9 (RLIN) 681746
700 ## - ADDED ENTRY--PERSONAL NAME
Personal name Bakhale V.B
9 (RLIN) 706137
942 ## - ADDED ENTRY ELEMENTS (KOHA)
Classification part Z2,7,26, L6
Koha item type Textual
Holdings
Withdrawn status Lost status Damaged status Not for loan Home library Current library Date acquired Serial Enumeration / chronology Total Checkouts Full call number Barcode Date last seen Price effective from Koha item type
        Law Centre-I Library Law Centre-I Library 2022-10-07 1   Z2,7,26 L6 LO0009728 2022-10-07 2022-10-07 Textual
Copyright @ Delhi University Library System